Directory of libraries in Zambia (Record no. 40241)
[ view plain ]
| 000 -LEADER | |
|---|---|
| fixed length control field | 00745nam a2200193 a 4500 |
| 008 - FIXED-LENGTH DATA ELEMENTS--GENERAL INFORMATION | |
| fixed length control field | 071203s1979 ||||||||||||||||| || u |
| 050 ## - LIBRARY OF CONGRESS CALL NUMBER | |
| Classification number | Z 721 Zam |
| 100 ## - MAIN ENTRY--PERSONAL NAME | |
| Personal name | Rooke, Andrew P |
| 245 10 - TITLE STATEMENT | |
| Title | Directory of libraries in Zambia |
| Statement of responsibility, etc. | edited by Andrew Rooke and Lumande, Edward |
| 250 ## - EDITION STATEMENT | |
| Edition statement | 2nd. ed. |
| 260 ## - PUBLICATION, DISTRIBUTION, ETC. | |
| Place of publication, distribution, etc. | Lusaka: |
| Name of publisher, distributor, etc. | Zambia Library Association |
| Date of publication, distribution, etc. | 1979 |
| 350 ## - PRICE (NR) (BK AM CF MU VM SE) [OBSOLETE] | |
| Price | 0.00 |
| 500 ## - GENERAL NOTE | |
| General note | Zambia Library Association.Occasional Paper, No. 1 |
| 650 ## - SUBJECT ADDED ENTRY--TOPICAL TERM | |
| Topical term or geographic name entry element | LIBRARIES--HANDBOOKS, MANUALS, ETC |
| 650 ## - SUBJECT ADDED ENTRY--TOPICAL TERM | |
| Topical term or geographic name entry element | DIRECTORY OF LIBRARIES--ZAMBIA |
| 700 ## - ADDED ENTRY--PERSONAL NAME | |
| Personal name | Lumande, Edward |
| 700 ## - ADDED ENTRY--PERSONAL NAME | |
| Personal name | Sweeney, W. D |
| 995 ## - RECOMMENDATION 995 [LOCAL, UNIMARC FRANCE] | |
| -- | 0.00 |
| -- | CBU-MAIN LIBRARY (Kitwe) |
| -- | 1 |
| -- | 0.00 |
| -- | 1 |
| -- | AVAILABLE |
| -- | Dec 3, 2007 |
| -- | Zambiana Collection |
| Withdrawn status | Lost status | Source of classification or shelving scheme | Damaged status | Not for loan | Home library | Current library | Shelving location | Date acquired | Total Checkouts | Full call number | Barcode | Date last seen | Price effective from | Koha item type |
|---|---|---|---|---|---|---|---|---|---|---|---|---|---|---|
| CBU-MAIN LIBRARY, KITWE. | CBU-MAIN LIBRARY, KITWE. | 11/30/2022 | Z 721 Zam | 55827 | 11/30/2022 | 11/30/2022 | MONOGRAPH |